| 000 | 00484nam a2200157 i 4500 | ||
|---|---|---|---|
| 001 | 60236 | ||
| 003 | ES-MaACL | ||
| 005 | 20230906164203.0 | ||
| 007 | t| | ||
| 008 | 031103s1969 sp ||||1| spa d | ||
| 100 | 1 |
_aEscrigas, Guillermo. _947653 |
|
| 245 | 1 | 0 |
_aFerrol heróico _b: la defensa de El Ferrol en 1800 / _cGuillermo Escrigas. |
| 260 |
_aLa Coruña : _b[s.n., _c1969] ( _fImp. Moret) |
||
| 300 |
_a71 p. , 1 lám. : _bmap. ; _c18 cm. |
||
| 852 |
_aES-MaACL _jC-51443 _bR.72208 |
||
| 999 |
_c60236 _d60236 |
||